| 000 | | | 04219nmc1a22002773x 450 |
| 001 | | | 1ed5677d-292a-42c3-8491-a83c2ff28ac4 |
| 005 | | | 20231123160102.0 |
| 100 | ## | $a | 20231107l18481895k###0rusy50 ca |
| 101 | 0# | $a | rus |
| 102 | ## | $a | RU |
| 122 | 2# | $a | d1848###### |
| | $a | d1895###### |
| 200 | 1# | $a | Рукописи трудов по Екатеринославской губернии (география, этнография, фольклор) |
| | $j | 1848-1895 |
| 251 | ## | $a | 1 опись |
| | $c | Фонд |
| 300 | ## | $a | Использованы материалы сайта Научного архива Русского Географического Общества (НА РГО) |
| 330 | ## | $a | В административном отношении Екатеринославская губерния составляла сначала часть Новороссийской губернии, под названием Екатерининской провинции. В 1783 г. было образовано Екатеринославское наместничество, в 1803 г. - Екатеринославская губерния. В 1874 г. Александровский уезд был разделен на два уезда: Александровский и Мариупольский. В 1887 г. от Екатеринославской губернии отделены Ростовский на Дону уезд и Таганрогское градоначальство и губерния осталась в составе 8 уездов. Упразднена в 1925 г. |
| 517 | 1# | $a | Разряд 13. Рукописи трудов членов Русского Географического Общества и отдельные документы по Екатеринославской губернии |
| 601 | 02 | $2 | prlib_sh |
| | $3 | LIBNET\UAF\0000066563 |
| | $a | Русское географическое общество |
| | $x | Деятельность |
| | $j | Архивы |
| 607 | ## | $2 | prlib_sh |
| | $a | Екатеринославская губерния |
| | $x | Историко-статистические исследования |
| | $j | Архивы |
| 617 | ## | $c | Екатеринославская губерния |
| | $2 | prlib_sh |
| 686 | ## | $a | 63.3(28-8Ека)л63 |
| | $v | LBC/M |
| | $2 | rubbk |
| 710 | 02 | $3 | RU\NLR\AUTH\888969 |
| | $a | Русское географическое общество |
| 801 | #0 | $a | RU |
| | $b | ПБ им. Б.Н. Ельцина |
| | $c | 20231107 |
| 801 | #1 | $a | RU |
| | $b | ПБ им. Б.Н. Ельцина |
| | $c | 20231107 |
| | $2 | rusmarc |
| 801 | #2 | $a | RU |
| | $b | ПБ им. Б.Н. Ельцина |
| | $c | 20231123 |
| | $g | RCR |
| | $2 | rusmarc |
| 850 | ## | $a | Русское географическое общество. Научный архив |
| 852 | ## | $a | НА РГО |
| | $j | Р-XIII |
| 035 | ## | $a | LIBNET\0001360769 |
| 937 | ## | $d | 189095455 |
| | $h | ПБ |
| 856 | 4# | $u | http://readingroom.main.prlib.ru/item.aspx?id_node=n189095455&mode=full |